000 00721nab a2200193 4500
001 244442
003 OSt
005 20230628153450.0
007 tu
008 200917s2020|||||||
040 _aDE-2950
_cDE-2950
245 0 0 _aSchülerinnen aus Ägypten zu Gast.
_bAustausch. Seit 50 Jahren ist das Liebknecht-Gymnasium Teil des Unesco-Schulnetzwerkes. Passend zum Jubiläum statteten 20 Achtklässlerinnen aus der Metropole Alexandria Frankfurt einen Besuch ab /
_cInes Weber-Rath
264 _c2023
653 _aFrankfurt (Oder)
653 _aKarl-Liebknecht-Gymnasium
653 _aSchüleraustausch
773 0 _g34. Jahrgang (2023) Nr. 141 vom 20.06.2023, S. 15: mit Foto
_tMärkische Oderzeitung
942 _2z
_cA
999 _c372587
_d372587